A NOTE ON WARPED PRODUCT SUBMANIFOLDS OF KENMOTSU MANIFOLDS

Podrobná bibliografia
Hlavní autori: Viqar Azam Khan (Autor), Khalid Ali Khan (Autor), Siraj-Uddin (Autor)
Médium: Článok
Jazyk:angličtina

MARC

LEADER 00000nab a2200000uu 4500
001 vtls011450011
003 SK-MaSNL
005 20260303151408.0
008 230222|2011 xo |||||||||||||||||eng|
015 |a SNBRB 
035 |a (urnnbn)urn:nbn:sk:snk:ar-006f3s 
035 |a (uuid)0d79ebc4-59c8-418f-954f-a6c165e2d86b 
035 |a urn:nbn:sk:snk-abcmaq 
040 |a SNKBUCL  |b slo  |c SNKBUCL  |e AACR2 
041 0 |a eng 
044 |a xo  |c SK 
100 1 |a Viqar Azam Khan  |4 aut  |9 1170756 
245 1 0 |a A NOTE ON WARPED PRODUCT SUBMANIFOLDS OF KENMOTSU MANIFOLDS  |c Viqar Azam Khan, Khalid Ali Khan, Siraj-Uddin 
700 1 |a Khalid Ali Khan  |4 aut  |9 1170917 
700 1 |a Siraj-Uddin  |4 aut  |9 1170918 
773 0 |t Mathematica Slovaca  |g Roč. 61, č. 1 (2011), s. [79]-92 
958 |a OND 
958 |a EUIPO 
958 |a article16 
999 |c 2017526  |d 2019456